<?xml version="1.0" encoding="UTF-8"?>
<record
    xmlns:xsi="http://www.w3.org/2001/XMLSchema-instance"
    xsi:schemaLocation="http://www.loc.gov/MARC21/slim http://www.loc.gov/standards/marcxml/schema/MARC21slim.xsd"
    xmlns="http://www.loc.gov/MARC21/slim">

  <leader>00780nam a22001937a 4500</leader>
  <datafield tag="999" ind1=" " ind2=" ">
    <subfield code="c">164634</subfield>
    <subfield code="d">164634</subfield>
  </datafield>
  <controlfield tag="005">20190523154801.0</controlfield>
  <datafield tag="010" ind1=" " ind2=" ">
    <subfield code="a">UR-10146</subfield>
  </datafield>
  <datafield tag="020" ind1=" " ind2=" ">
    <subfield code="c">300.00</subfield>
    <subfield code="a">9789387829138</subfield>
  </datafield>
  <datafield tag="035" ind1=" " ind2=" ">
    <subfield code="a">U-8701</subfield>
  </datafield>
  <datafield tag="037" ind1=" " ind2=" ">
    <subfield code="b">DBAD/PUB</subfield>
  </datafield>
  <datafield tag="082" ind1=" " ind2=" ">
    <subfield code="a">840.08</subfield>
  </datafield>
  <datafield tag="100" ind1=" " ind2=" ">
    <subfield code="a">&#x627; &#x64A;&#x645; &#x627;&#x6D2; &#x642;&#x62F; &#x64A;&#x631; </subfield>
  </datafield>
  <datafield tag="245" ind1=" " ind2=" ">
    <subfield code="a">&#x642;&#x627; &#x636;&#x6CC; &#x645;&#x634;&#x62A;&#x627; &#x642; &#x627; &#x62D;&#x645;&#x62F; &#x6A9;&#x6D2; &#x627;&#x641;&#x633;&#x627; &#x646;&#x648; &#x6BA; &#x6A9;&#x627; &#x62A;&#x646;&#x642;&#x64A;&#x62F; &#x6CC; &#x648; &#x62A;&#x62C;&#x632; &#x64A;&#x627; &#x62A;&#x6CC; &#x645;&#x637;&#x627; &#x644;&#x639;&#x6C1;</subfield>
    <subfield code="c">&#x627; &#x64A;&#x645; &#x627;&#x6D2; &#x642;&#x62F; &#x64A;&#x631; </subfield>
  </datafield>
  <datafield tag="246" ind1=" " ind2=" ">
    <subfield code="b">Qazi Mushtaque Ahmed Ke Afsanon Ka Tanqidi Wa Tajaziati Mutalea (Urdu)</subfield>
    <subfield code="a">by Dr.M.A.Qadeer </subfield>
  </datafield>
  <datafield tag="260" ind1=" " ind2=" ">
    <subfield code="a"> Delhi</subfield>
    <subfield code="b">Educational Publishing House</subfield>
    <subfield code="c">2017 &#x621;  </subfield>
  </datafield>
  <datafield tag="270" ind1=" " ind2=" ">
    <subfield code="a">3191&#x60C;Vakil Street,Kucha Pandit,Lal Kuan,</subfield>
    <subfield code="b">Delhi</subfield>
    <subfield code="e">110006</subfield>
    <subfield code="k">23216162</subfield>
    <subfield code="l">00911123211540</subfield>
  </datafield>
  <datafield tag="300" ind1=" " ind2=" ">
    <subfield code="a">180&#x635;</subfield>
    <subfield code="c">22 Cm.(bk)     </subfield>
  </datafield>
  <datafield tag="942" ind1=" " ind2=" ">
    <subfield code="2">ddc</subfield>
    <subfield code="c">UR</subfield>
    <subfield code="h">840.08</subfield>
    <subfield code="m">&#x642; &#x62F; &#x6CC; </subfield>
  </datafield>
</record>
